000 00969nam a2200265Ia 4500
003 OSt
005 20221005111737.0
006 a|||||r|||| 00| 0
007 ta
008 221004b |||||||| |||| 00| 0 hin d
020 _cIndian Rupees 100.00
024 _a27874
037 _bGift, 04/10/2016,
_cTextual
040 _aCRL
_cCRL
_bhin
041 _2hin
_ahin
082 _aP152:(Y), 152M2
100 _aतिवारी, भोलानाथ
245 0 _aहिंदी भाषा की सामाजिक भूमिका
246 _aHiandī bhāṣhā kī sāmājik bhūmikā
260 _aमद्रास
_bदक्षिण भारत हिंदी प्रचार सभा भारत
_c1982
300 _a130पृ0
_ccm.
650 _aहिन्दी भाषा
942 _hP152:(Y), 152M2
_cTEXL
_2cc
999 _c1022758
_d1022758